00752nam a22001937a 4500003000900000008004100009020001800050040007100068082001800139100001800157245003200175260003600207300001700243440003800260505019900298650002700497650001400524650002000538AR-CdUCM190318b ||||| |||| 00| 0 spa d a84-02-06779-4 aMUNICIPALIDAD PROVINCIAL DEL CUSCOcBIBLIOTECA MUNICIPAL DEL CUSCO a940.53 /bZ67 aZentner, Kurt aLa segunda guerra mundial / aBarcelona : bBruguera, c1980. a3.t.c27 cm. aGrandes guerras de nuestro tiempo aContenido :t.1. Pasos hacia la guerra -- La campaña de Polonia -- Esperanzas de paz - Dinamarca y Noruega -- La gran ofensiva en el oeste -- t.2. Rusia hasta Stalingrado -- t.3. La invación. aSegunda guerra mundial a1939-1945 aGuerras civiles